000 00931nam a2200373Ia 4500
001 1508
005 20240113233502.0
007 ta
008 050207s1946 a g b000 u asm u
020 _cHB
040 _aCotton College,Assam
041 _aasm
082 _a891.4142
_bS 74 M
100 _aSharma, Benudhar .
245 0 _aMangalatir Kanthimala /
_cBenudhar Sharma.
_hTextual Documents
250 _a1st ed. /
260 _aGauhati :
_bAssam Joyti ,
_c1946.
300 _a145p. :
_bill ;
_c18cm .
500 _a4/Ref/Ass
653 _aAssamese Fiction-Collections
653 _aRef-Assamese
653 _aAssamese-Short Stories
653 _aG-Assamese
653 _aShort Stories-Assamese
653 _aT/G-Assamese
942 _2ddc
_cBK
999 _c1504
_d1504